<?xml version="1.0" encoding="UTF-8"?><?xml-stylesheet type="text/xsl" href="static/style.xsl"?><OAI-PMH xmlns="http://www.openarchives.org/OAI/2.0/" xmlns:xsi="http://www.w3.org/2001/XMLSchema-instance" xsi:schemaLocation="http://www.openarchives.org/OAI/2.0/ http://www.openarchives.org/OAI/2.0/OAI-PMH.xsd"><responseDate>2026-04-17T11:35:51Z</responseDate><request verb="GetRecord" identifier="oai:www.recercat.cat:20.500.12328/5237" metadataPrefix="marc">https://recercat.cat/oai/request</request><GetRecord><record><header><identifier>oai:recercat.cat:20.500.12328/5237</identifier><datestamp>2026-03-06T20:12:49Z</datestamp><setSpec>com_2072_67741</setSpec><setSpec>col_2072_484355</setSpec></header><metadata><record xmlns="http://www.loc.gov/MARC21/slim" xmlns:dcterms="http://purl.org/dc/terms/" xmlns:xsi="http://www.w3.org/2001/XMLSchema-instance" xmlns:doc="http://www.lyncode.com/xoai" xsi:schemaLocation="http://www.loc.gov/MARC21/slim http://www.loc.gov/standards/marcxml/schema/MARC21slim.xsd">
   <leader>00925njm 22002777a 4500</leader>
   <datafield ind2=" " ind1=" " tag="042">
      <subfield code="a">dc</subfield>
   </datafield>
   <datafield ind2=" " ind1=" " tag="720">
      <subfield code="a">Ferrer Sesmilo, Edith</subfield>
      <subfield code="e">author</subfield>
   </datafield>
   <datafield ind2=" " ind1=" " tag="260">
      <subfield code="c">2025</subfield>
   </datafield>
   <datafield ind2=" " ind1=" " tag="520">
      <subfield code="a">El presente estudio examinó la relación entre el reconocimiento y discriminación de voces y diversos indicadores cognitivos en adultos con dislexia, con el fin de determinar si estas habilidades podrían constituir un marcador complementario de la severidad de la dificultad lectora. La dislexia, un trastorno del neurodesarrollo caracterizado por un déficit fonológico que afecta a la precisión y fluidez lectora, ha sido evaluada mediante medidas lingüísticas y cognitivas. Sin embargo, investigaciones recientes han sugerido que el reconocimiento de voces podría estar relacionado con mecanismos perceptivos implicados en el procesamiento fonológico. Para explorar esta posibilidad, se llevó a cabo una primera fase de evaluación con 26 participantes con dislexia, a quienes se administraron pruebas estandarizadas de inteligencia no verbal (TONI-4), inatención (CAARS) y severidad de la dislexia (PROLEXIA). Posteriormente, una submuestra de siete participantes completó una segunda sesión experimental que incluía cuatro tareas: dos tareas de reconocimiento de voces (en chino y en castellano), una tarea de discriminación vocal y una tarea de aprendizaje audiovisual con pseudopalabras, adaptadas de estudios previos. Los resultados mostraron que, contrariamente a la hipótesis inicial, el rendimiento en las tareas de voces no se asoció con la severidad de la dislexia. Sin embargo, la tarea de reconocimiento de voces en castellano presentó dos asociaciones significativas: una correlación positiva con el cociente intelectual y una correlación negativa con la inatención. Estos hallazgos sugieren que el reconocimiento de voces en la lengua materna puede apoyarse en procesos cognitivos generales más que en mecanismos fonológicos específicos. Dada la muestra reducida, las conclusiones deben interpretarse con cautela y requieren replicación en estudios posteriores.</subfield>
   </datafield>
   <datafield ind1="8" ind2=" " tag="024">
      <subfield code="a">https://hdl.handle.net/20.500.12328/5237</subfield>
   </datafield>
   <datafield tag="653" ind2=" " ind1=" ">
      <subfield code="a">Dislexia</subfield>
   </datafield>
   <datafield tag="653" ind2=" " ind1=" ">
      <subfield code="a">Reconocimiento de voz</subfield>
   </datafield>
   <datafield tag="653" ind2=" " ind1=" ">
      <subfield code="a">Adultos</subfield>
   </datafield>
   <datafield tag="653" ind2=" " ind1=" ">
      <subfield code="a">Cociente intelectual</subfield>
   </datafield>
   <datafield tag="653" ind2=" " ind1=" ">
      <subfield code="a">Déficit Fonológico</subfield>
   </datafield>
   <datafield tag="653" ind2=" " ind1=" ">
      <subfield code="a">Dyslexia</subfield>
   </datafield>
   <datafield tag="653" ind2=" " ind1=" ">
      <subfield code="a">Voice recognition</subfield>
   </datafield>
   <datafield tag="653" ind2=" " ind1=" ">
      <subfield code="a">Adults</subfield>
   </datafield>
   <datafield tag="653" ind2=" " ind1=" ">
      <subfield code="a">Intelligence quotient</subfield>
   </datafield>
   <datafield tag="653" ind2=" " ind1=" ">
      <subfield code="a">Phonological deficit</subfield>
   </datafield>
   <datafield tag="653" ind2=" " ind1=" ">
      <subfield code="a">Dislèxia</subfield>
   </datafield>
   <datafield tag="653" ind2=" " ind1=" ">
      <subfield code="a">Reconeixement de veu</subfield>
   </datafield>
   <datafield tag="653" ind2=" " ind1=" ">
      <subfield code="a">Coeficient intel·lectual</subfield>
   </datafield>
   <datafield tag="653" ind2=" " ind1=" ">
      <subfield code="a">Dèficit fonològic</subfield>
   </datafield>
   <datafield ind2="0" ind1="0" tag="245">
      <subfield code="a">Evaluación del reconocimiento de voces como habilidad predictiva de la severidad de la dislexia</subfield>
   </datafield>
</record></metadata></record></GetRecord></OAI-PMH>